Statistiques concernant Reliez l'actrice à sa série télévisée

Cliquez ici pour prendre le quiz!

Statistiques générales

  • Ce quiz a été pris 333 fois
  • Le résultat moyen est 12 sur 20

Statistiques - réponses

QuestionRéponse% Correct
Quelle actrice a joué dans Friends ?Jennifer Aniston
99%
Quelle actrice a joué dans Desperate Housewives ?Eva Longoria
87%
Quelle actrice a joué dans Game of Thrones ?Emilia Clarke
86%
Quelle actrice a joué dans Stranger Things ?Millie Bobby Brown
82%
Quelle actrice a joué dans Grey's Anatomy ?Ellen Pompeo
74%
Quelle actrice a joué dans Gossip Girl ?Blake Lively
73%
Quelle actrice a joué dans Vampire Diaries ?Nina Dobrev
66%
Quelle actrice a joué dans Pretty Little Liars ?Ashley Benson
63%
Quelle actrice a joué dans New Girl ?Zooey Deschanel
61%
Quelle actrice a joué dans The Handmaid's Tale ?Elisabeth Moss
55%
Quelle actrice a joué dans How to Get Away with Murder ?Viola Davis
55%
Quelle actrice a joué dans Malcolm ?Jane Kaczmarek
48%
Quelle actrice a joué dans Les 100 ?Eliza Taylor
47%
Quelle actrice a joué dans Scandal ?Kerry Washington
45%
Quelle actrice a joué dans The Walking Dead ?Sarah Wayne Callies
43%
Quelle actrice a joué dans Homeland ?Claire Danes
41%
Quelle actrice a joué dans Westworld ?Evan Rachel Wood
38%
Quelle actrice a joué dans Orange is the New Black ?Taylor Schilling
38%
Quelle actrice a joué dans Les Soprano ?Lorraine Bracco
35%
Quelle actrice a joué dans House of Cards ?Robin Wright
35%

Distribution des résultats

Percentile par nombre de réponses

% des personnes avec chaque résultat

Votre développement - résultats

Vous n’avez pas pris ce quiz